| 000 | 00749cam a2200205 4500 | ||
|---|---|---|---|
| 005 | 20160308142755.0 | ||
| 008 | 160308b xr ||||| |||| 00| 0 eng d | ||
| 050 | 0 | 4 |
_aD8215 .5 _bV69 1986 |
| 245 | 0 | 4 |
_aThe Voyages of discovery in the Bratislava Manuscript Lyc.515/8 : _b(Codex Bratislavensis) / _cedited by Miloslav Krasa, Josef Polisenský and Peter Ratkos. |
| 250 | _a1a ed. | ||
| 260 |
_aPrague : _bCharles University, _c1986 |
||
| 300 |
_a159 p. : _bil. ; _c25 cm. |
||
| 504 | _aIncluye índice | ||
| 651 | 7 |
_2LEMB _aBratislava (Checoslovaquia) _xCódices |
|
| 651 | 7 |
_2LEMB _aBratislava (Checoslovaquia) _xHistoria |
|
| 700 | 1 |
_aKrasa, Miloslav, _eed. |
|
| 700 | 1 |
_aPolisensky, Josef, _eed. |
|
| 700 | 1 |
_aRatkos, Peter, _eed. |
|
| 942 |
_2lcc _cLIB |
||
| 999 |
_c60236 _d60236 |
||